Les voies romaines et massiliennes dans le département des Bouches-du-Rhône.

Saved in:
நூற்பட்டியல் விவரங்கள்
தலைமை எழுத்தாளர்: Gilles, I. 1808-1900.
வடிவம்: புத்தகம்
மொழி:French
வெளியீடப்பட்டது: Avignon, Seguin, 1884.
பகுதிகள்:
குறியீடுகள்: குறிச்சொல் இணை
குறியீடுகள் இல்லை, இந்த குறிச்சொல்லை முதலில் பதிவு செய்யுங்கள்!
LEADER 00590nam a2200193I 4500
001 005299377-9
005 20020606095253.2
008 760131s1884 fr ab 000 0 fre d
035 0 |a ocm01957945 
040 |a CIN  |c CIN  |d HLS 
090 |a DC611.B751  |b G5 
100 1 |a Gilles, I.  |q (Isidore),  |d 1808-1900. 
245 1 4 |a Les voies romaines et massiliennes dans le département des Bouches-du-Rhône. 
260 |a Avignon,  |b Seguin,  |c 1884. 
300 |a 60, 270 p.  |b illus., map.  |c 24 cm. 
650 0 |a Roads, Roman. 
651 0 |a Bouches-du-Rhône (France)  |x Antiquities. 
988 |a 20020608 
906 |0 OCLC